00325 a2200109 4500001001000000005001700010008004100027245003600068100002600104773007000130999001500200ART_1870920260410161600.0260409a 10a¿De quién es el presupuesto?1 aHerrscher, Enrique G.0 tProfesional & Empresariag- Año XIV, Nº 168 (sep. 2013)wREV70 c9609d9609